100+clinical in pediatric
| Main Author: | Arvind, R |
|---|---|
| Language: | English |
| Published: |
India:
Elsevier,
2007.
|
| Edition: | 2nd ed. |
| Subjects: |
| LEADER | 00555cam a2200193 7i4500 | ||
|---|---|---|---|
| 001 | 0000025388 | ||
| 005 | 20200518090000.0 | ||
| 008 | 090416 eng | ||
| 020 | |a 9788181475435 | ||
| 090 | 0 | 0 | |a RJ45 |b .A78 2007 |
| 100 | 1 | |a Arvind, R | |
| 245 | 1 | 0 | |a 100+clinical in pediatric |c R Arvind. |
| 250 | |a 2nd ed. | ||
| 260 | |a India: |b Elsevier, |c 2007. | ||
| 300 | |a xv, 464 p.: |b ill.; |c 24 cm. | ||
| 500 | |a Includes index | ||
| 650 | 0 | 0 | |a Pediatrics |
| 997 | |a Health Sciences, Faculty | ||
| 999 | |a 0000025318 |b BOK |c OPEN SHELF |e 1st Floor, Shah Alam | ||


